In high places, (Record no. 232432)

000 -LEADER
fixed length control field 00669cam a22002291 4500
001 - CONTROL NUMBER
control field 9837213
003 - CONTROL NUMBER IDENTIFIER
control field Nust
005 - DATE AND TIME OF LATEST TRANSACTION
control field 20170216150131.0
008 - FIXED-LENGTH DATA ELEMENTS--GENERAL INFORMATION
fixed length control field 711209s1962 nyu 000 1 eng
010 ## - LIBRARY OF CONGRESS CONTROL NUMBER
LC control number 61009513
020 ## - INTERNATIONAL STANDARD BOOK NUMBER
International Standard Book Number 9798129108042
035 ## - SYSTEM CONTROL NUMBER
System control number (OCoLC)180219
040 ## - CATALOGING SOURCE
Original cataloging agency DLC
Transcribing agency OYU
Modifying agency OCoLC
-- DLC
042 ## - AUTHENTICATION CODE
Authentication code premarc
050 00 - LIBRARY OF CONGRESS CALL NUMBER
Classification number PZ4.H151
Item number In
Classification number PR9199.3.H3
082 ## - DEWEY DECIMAL CLASSIFICATION NUMBER
Classification number 823
Author Mark HAI
100 1# - MAIN ENTRY--PERSONAL NAME
Personal name Hailey, Arthur.
245 10 - TITLE STATEMENT
Title In high places,
Remainder of title a novel.
250 ## - EDITION STATEMENT
Edition statement [1st ed.]
260 ## - PUBLICATION, DISTRIBUTION, ETC.
Place of publication, distribution, etc. Garden City, N.Y.,
Name of publisher, distributor, etc. Doubleday,
Date of publication, distribution, etc. 1962.
300 ## - PHYSICAL DESCRIPTION
Extent 504 p.
906 ## - LOCAL DATA ELEMENT F, LDF (RLIN)
a 7
b cbc
c oclcrpl
d u
e ncip
f 19
g y-gencatlg
942 ## - ADDED ENTRY ELEMENTS (KOHA)
Source of classification or shelving scheme
Koha item type Book
Holdings
Withdrawn status Lost status Source of classification or shelving scheme Damaged status Not for loan Permanent Location Current Location Shelving location Date acquired Total Checkouts Full call number Barcode Date last seen Copy number Price effective from Koha item type
          Central Library (CL) Central Library (CL) Fiction 02/16/2017   813.54 HAI CL382 02/16/2017 1 02/16/2017 Book
© 2023 Central Library, National University of Sciences and Technology. All Rights Reserved.